<?xml version="1.0" encoding="UTF-8"?>
<record
    xmlns:xsi="http://www.w3.org/2001/XMLSchema-instance"
    xsi:schemaLocation="http://www.loc.gov/MARC21/slim http://www.loc.gov/standards/marcxml/schema/MARC21slim.xsd"
    xmlns="http://www.loc.gov/MARC21/slim">

  <leader>00669nab a2200205 uc4500</leader>
  <controlfield tag="001">645154</controlfield>
  <controlfield tag="005">20240201162750.0</controlfield>
  <controlfield tag="008">010208                             spa  </controlfield>
  <datafield tag="035" ind1=" " ind2=" ">
    <subfield code="a">645154</subfield>
  </datafield>
  <datafield tag="035" ind1=" " ind2=" ">
    <subfield code="a">(OCoLC)819880086</subfield>
  </datafield>
  <datafield tag="040" ind1=" " ind2=" ">
    <subfield code="c">comduadb</subfield>
  </datafield>
  <datafield tag="041" ind1=" " ind2=" ">
    <subfield code="a">spa</subfield>
  </datafield>
  <datafield tag="100" ind1="1" ind2="0">
    <subfield code="a">Alves, Diana</subfield>
    <subfield code="4">aut</subfield>
    <subfield code="e">aut</subfield>
    <subfield code="9">328855</subfield>
  </datafield>
  <datafield tag="245" ind1="1" ind2="0">
    <subfield code="a">Brasil se moviliza para salvar la Amazonia</subfield>
  </datafield>
  <datafield tag="650" ind1=" " ind2=" ">
    <subfield code="a">Amazonas (Brasil)</subfield>
    <subfield code="9">55947</subfield>
  </datafield>
  <datafield tag="650" ind1=" " ind2=" ">
    <subfield code="a">Movimientos ecol&#xF3;gicos</subfield>
    <subfield code="9">174648</subfield>
  </datafield>
  <datafield tag="650" ind1=" " ind2="7">
    <subfield code="a">Pol&#xED;tica ambiental</subfield>
    <subfield code="2"></subfield>
    <subfield code="9">43848</subfield>
  </datafield>
  <datafield tag="773" ind1="0" ind2=" ">
    <subfield code="t">El Correo de la Unesco (Par&#xED;s)</subfield>
    <subfield code="g">Vol. 53, No. 11, Nov. 2000/El Correo de la Unesco (Paris), p. 10-12</subfield>
    <subfield code="w">95870</subfield>
    <subfield code="z">0304310X</subfield>
    <subfield code="0">92834</subfield>
  </datafield>
  <datafield tag="942" ind1=" " ind2=" ">
    <subfield code="c">ARIMP</subfield>
  </datafield>
  <datafield tag="999" ind1=" " ind2=" ">
    <subfield code="c">190895</subfield>
    <subfield code="d">190895</subfield>
  </datafield>
</record>
